| 000 | 00000nam##2200000za#4500 |
| 001 | 9.699640 |
| 003 | CaOODSP |
| 005 | 20210625000453 |
| 007 | cr ||||||||||| |
| 008 | 150407|1999||||xxc|||||o f|0| 0 eng|d |
| 020 | |a978-0-660-20292-1 |
| 040 | |aCaOODSP|beng |
| 043 | |an-cn--- |
| 086 | 1 |aCH4-40/1999-1E-PDF |
| 110 | 1 |aCanada. |bCanadian Heritage. |
| 245 | 10|aJe parle français : |h[electronic resource]|ba portrait of la francophonie in Canada |
| 260 | |aOttawa - Ontario : |bCanadian Heritage |cc1999. |
| 300 | |a117p.|bgraphs, photographs |
| 500 | |a"Digitized by Publishing and Depository Services, Public Works and Government Services Canada - 2014" |
| 546 | |aEnglish |
| 590 | |a14-18-Supp|b2014-10-15 |
| 690 | 07|aFrancophonie|2gcpds |
| 690 | 07|aFrench language|2gcpds |
| 775 | 08|tJe parle français : |w(CaOODSP)9.643615 |
| 776 | 0#|tJe parle français : |w(CaOODSP)9.647472 |
| 856 | 40|ahttp://publications.gc.ca|qPDF|s65.08 MB|uhttps://publications.gc.ca/collections/collection_2014/pc-ch/CH4-40-1999-1-eng.pdf |